The races of Britain: a contribution to the anthropology of Western Europe.

Salvato in:
Dettagli Bibliografici
Autore principale: Beddoe, John, 1826-1911
Natura: Libro
Lingua:English
Pubblicazione: London, Hutchinson, 1971.
Edizione:[1st ed. reprinted];
Soggetti:
LEADER 01091nam a2200289 4500
001 c000352854
003 CARM
005 00000000000000.0
008 720105r19711885enkab 00100 eng
015 |a B71-19203 
019 1 |a 96737  |5 LACONCORD2021 
020 |a 0091013704 
035 |a (OCoLC)227457  |5 LACONCORD2021 
043 |a e-uk--- 
050 0 0 |a GN585.G8  |b B4 1971 
100 1 |a Beddoe, John,  |d 1826-1911. 
245 1 4 |a The races of Britain:  |b a contribution to the anthropology of Western Europe. 
250 |a [1st ed. reprinted];  |b with a new introduction by David Elliston Allen. 
260 |a London,  |b Hutchinson,  |c 1971. 
300 |a xxviii, 321, [1] p. (1 fold.);  |b illus., maps.  |c 25 cm. 
500 |a Originally published Bristol, Arrowsmith, 1885. 
650 0 |a Race. 
650 0 |a Anthropometry  |z Great Britain. 
852 8 |b CARM  |h A1:AP17B0  |i C09263  |p 0347697  |f BK 
082 0 4 |a 572.8/21 
999 f f |i c85290a3-c45f-53f6-8638-3601dd43bf54  |s fb87a564-0e97-5423-b5ca-39ef92c16070 
952 f f |p Can circulate  |a CAVAL  |b CAVAL  |c CAVAL  |d CARM 1 Store  |e C09263  |f A1:AP17B0  |h Other scheme  |i book  |m 0347697